| 000 | 02278nam a2200505Ii 4500 | ||
|---|---|---|---|
| 001 | DIGEDICNSB0216 | ||
| 003 | NyNyDIG | ||
| 008 | 221020s2016 sp a ob 000 0 spa d | ||
| 006 | m o d | ||
| 007 | cr ||||||||||| | ||
| 035 | _a(OCoLC)1379826441 | ||
| 040 |
_aDGITA _beng _erda _epn _cDGITA |
||
| 043 | _as-ag--- | ||
| 020 |
_a9789876276856 _qeBook |
||
| 020 | _z9789876274838 | ||
| 050 | 1 | 4 | _aF3001.3 ebook |
| 100 | 1 |
_aZigiotto, Diego M., _d1972- _eauthor. |
|
| 245 | 1 | 0 |
_aBuenos Aires misteriosa : _bcrímenes, leyendas y fantasmas de la ciudad / _cDiego M. Zigiotto ; colaboración, Alejandra Parets. |
| 264 | 1 |
_aCiudad Autónoma de Buenos Aires, Argentina : _bEdiciones B Argentina, _c2016. |
|
| 300 |
_a1 online resource : _billustrations. |
||
| 336 |
_atext _btxt _2rdacontent |
||
| 337 |
_acomputer _bc _2rdamedia |
||
| 338 |
_aonline resource _bcr _2rdacarrier |
||
| 347 |
_atext file _2rdaft |
||
| 347 | _bEPUB | ||
| 504 | _aIncludes bibliographical references. | ||
| 588 | 0 | _aOnline resource; title from ePub title page (Digitalia, viewed October 20, 2022) | |
| 651 | 0 |
_aBuenos Aires (Argentina) _xHistory _vAnecdotes. |
|
| 651 | 0 |
_aBuenos Aires (Argentina : Province) _xHistory _vAnecdotes. |
|
| 650 | 0 |
_aCuriosities and wonders _zArgentina _zBuenos Aires _vAnecdotes. |
|
| 650 | 0 |
_aCuriosities and wonders _zArgentina _zBuenos Aires (Province) _vAnecdotes. |
|
| 650 | 0 |
_aLegends _zArgentina _zBuenos Aires _vAnecdotes. |
|
| 650 | 0 |
_aLegends _zArgentina _zBuenos Aires (Province) _vAnecdotes. |
|
| 650 | 0 |
_aGhosts _zArgentina _zBuenos Aires _vAnecdotes. |
|
| 650 | 0 |
_aGhosts _zArgentina _zBuenos Aires (Province) _vAnecdotes. |
|
| 650 | 0 |
_aCrime _zArgentina _zBuenos Aires _vAnecdotes. |
|
| 650 | 0 |
_aCrime _zArgentina _zBuenos Aires (Province) _vAnecdotes. |
|
| 700 | 1 |
_aParets, Alejandra, _econtributor agent of text. |
|
| 791 | 2 |
_aDigitalia (Firm), _edistributor. |
|
| 793 | 0 |
_gDigitalia eBook Collection: _aEdiciones B |
|
| 776 | 0 | 8 |
_iPrint version: _aZigiotto, Diego M., 1972- _tBuenos Aires misteriosa. _b1a edición. _dCiudad Autónoma de Buenos Aires, Argentina : Ediciones B Argentina, [2016] _z9789876274838 |
| 856 | 4 | 0 |
_3Digitalia Hispánica _uhttps://www.digitaliapublishing.com/a/54598/ |
| 910 | _aPremium collection: 2022 | ||
| 942 | _cRAA | ||
| 999 |
_c253696 _d253696 |
||